<?xml version="1.0" encoding="UTF-8"?>
<record
    xmlns:xsi="http://www.w3.org/2001/XMLSchema-instance"
    xsi:schemaLocation="http://www.loc.gov/MARC21/slim http://www.loc.gov/standards/marcxml/schema/MARC21slim.xsd"
    xmlns="http://www.loc.gov/MARC21/slim">

  <leader>00940nam a2200277 a 4500</leader>
  <controlfield tag="001">945</controlfield>
  <controlfield tag="003">BR-CuiBMT</controlfield>
  <controlfield tag="005">20231127211957.0</controlfield>
  <controlfield tag="008">231123s2008    rjba          000 0 por d</controlfield>
  <datafield tag="020" ind1=" " ind2=" ">
    <subfield code="a">9788535229660</subfield>
  </datafield>
  <datafield tag="040" ind1=" " ind2=" ">
    <subfield code="a">BR-CuiBMT</subfield>
    <subfield code="c">BR-CuiBMT</subfield>
  </datafield>
  <datafield tag="080" ind1=" " ind2=" ">
    <subfield code="2">2007</subfield>
    <subfield code="a">336.13</subfield>
    <subfield code="x">(079.1)</subfield>
  </datafield>
  <datafield tag="090" ind1=" " ind2=" ">
    <subfield code="a">336.13(079.1)</subfield>
    <subfield code="b">J95a</subfield>
    <subfield code="c">3. ed.</subfield>
  </datafield>
  <datafield tag="100" ind1="1" ind2=" ">
    <subfield code="a">Jund, S&#xE9;rgio</subfield>
  </datafield>
  <datafield tag="245" ind1="1" ind2="0">
    <subfield code="a">AFO administra&#xE7;&#xE3;o financeira e or&#xE7;ament&#xE1;ria :</subfield>
    <subfield code="b">teoria e 750 quest&#xF5;es /</subfield>
    <subfield code="c">Sergio Jund.</subfield>
  </datafield>
  <datafield tag="250" ind1=" " ind2=" ">
    <subfield code="a">3. ed.</subfield>
  </datafield>
  <datafield tag="260" ind1=" " ind2=" ">
    <subfield code="a">Rio de Janeiro :</subfield>
    <subfield code="b">Elsevier, </subfield>
    <subfield code="c">2008.</subfield>
  </datafield>
  <datafield tag="300" ind1=" " ind2=" ">
    <subfield code="a">555 p. :</subfield>
    <subfield code="b">il. ;</subfield>
    <subfield code="c">24 cm</subfield>
  </datafield>
  <datafield tag="490" ind1="1" ind2=" ">
    <subfield code="a">S&#xE9;rie provas e concursos</subfield>
  </datafield>
  <datafield tag="500" ind1=" " ind2=" ">
    <subfield code="a">Edi&#xE7;&#xE3;o - legisla&#xE7;&#xE3;o atualizada e aplic&#xE1;vel ao setor p&#xFA;blico.</subfield>
  </datafield>
  <datafield tag="504" ind1=" " ind2=" ">
    <subfield code="a">Inclui bibliografia.</subfield>
  </datafield>
  <datafield tag="650" ind1=" " ind2=" ">
    <subfield code="a">Administra&#xE7;&#xE3;o financeira</subfield>
    <subfield code="x">Problemas, quest&#xF5;es, exerc&#xED;cios</subfield>
  </datafield>
  <datafield tag="650" ind1=" " ind2=" ">
    <subfield code="a">Or&#xE7;amento p&#xFA;blico</subfield>
    <subfield code="x">Problemas, quest&#xF5;es, exerc&#xED;cios</subfield>
  </datafield>
  <datafield tag="830" ind1=" " ind2="0">
    <subfield code="a">Provas e concursos</subfield>
  </datafield>
  <datafield tag="942" ind1=" " ind2=" ">
    <subfield code="2">udc</subfield>
    <subfield code="c">LV</subfield>
  </datafield>
  <datafield tag="952" ind1=" " ind2=" ">
    <subfield code="0">0</subfield>
    <subfield code="1">0</subfield>
    <subfield code="2">udc</subfield>
    <subfield code="4">0</subfield>
    <subfield code="7">0</subfield>
    <subfield code="a">BIBTCEMT</subfield>
    <subfield code="b">BIBTCEMT</subfield>
    <subfield code="d">2010-03-29</subfield>
    <subfield code="l">0</subfield>
    <subfield code="o">336.13(079.1) J95a 3. ed.</subfield>
    <subfield code="p">BIBTCEMT23110998</subfield>
    <subfield code="r">2023-11-23</subfield>
    <subfield code="t">Ex. 1</subfield>
    <subfield code="w">2010-03-29</subfield>
    <subfield code="y">LV</subfield>
  </datafield>
  <datafield tag="952" ind1=" " ind2=" ">
    <subfield code="0">0</subfield>
    <subfield code="1">0</subfield>
    <subfield code="2">udc</subfield>
    <subfield code="4">0</subfield>
    <subfield code="7">0</subfield>
    <subfield code="a">BIBTCEMT</subfield>
    <subfield code="b">BIBTCEMT</subfield>
    <subfield code="d">2019-11-26</subfield>
    <subfield code="l">0</subfield>
    <subfield code="o">336.13(079.1) J95a 3. ed.</subfield>
    <subfield code="p">BIBTCEMT23111125</subfield>
    <subfield code="r">2023-11-27</subfield>
    <subfield code="t">Ex. 2</subfield>
    <subfield code="w">2019-11-26</subfield>
    <subfield code="y">LV</subfield>
  </datafield>
  <datafield tag="952" ind1=" " ind2=" ">
    <subfield code="0">0</subfield>
    <subfield code="1">0</subfield>
    <subfield code="2">udc</subfield>
    <subfield code="4">0</subfield>
    <subfield code="7">0</subfield>
    <subfield code="a">BIBTCEMT</subfield>
    <subfield code="b">BIBTCEMT</subfield>
    <subfield code="d">2010-03-29</subfield>
    <subfield code="l">0</subfield>
    <subfield code="o">336.13(079.1) J95a 3. ed.</subfield>
    <subfield code="p">BIBTCEMT23111126</subfield>
    <subfield code="r">2023-11-27</subfield>
    <subfield code="t">Ex. 3</subfield>
    <subfield code="w">2010-03-29</subfield>
    <subfield code="y">LV</subfield>
  </datafield>
  <datafield tag="999" ind1=" " ind2=" ">
    <subfield code="c">945</subfield>
    <subfield code="d">945</subfield>
  </datafield>
</record>
